American medical women's association : 1949 Year book 1949 Year book
Descripción Física:
1 volum, 86 pàgines ; 23 cm
Materias:
Metgesses -- Directoris -- Estats Units d'Amèrica -- S. XX
; Fons Dolors Canals i Farriols (1913-2010)
; Personal mèdic -- Directoris -- Estats Units d'Amèrica -- S. XX
Idioma:
Catalán , Español
MARC
| LEADER | 00000nas a22000007a 4500 | ||
|---|---|---|---|
| 001 | 29068 | ||
| 003 | AGDB | ||
| 005 | 20260324181540.0 | ||
| 008 | 251127b spa||||| |||| 00| 0 cat d | ||
| 040 | |a agdb |b cat | ||
| 041 | |a spa | ||
| 110 | |a American Medical Women's Association |9 72833 | ||
| 245 | |a American medical women's association : |b 1949 Year book | ||
| 260 | |a New York : |b American Medical Women's Association Inc., |c 1949 | ||
| 300 | |a 1 volum, 86 pàgines ; |c 23 cm | ||
| 500 | |a Prové del fons Dolors Canals i Farriols (1913-2010) | ||
| 650 | 0 | |a Metgesses |v Directoris |z Estats Units d'Amèrica |y S. XX |9 72834 | |
| 650 | 0 | |a Fons Dolors Canals i Farriols (1913-2010) |9 72778 | |
| 650 | 0 | |a Personal mèdic |v Directoris |z Estats Units d'Amèrica |y S. XX |9 72835 | |
| 773 | |g American medical women's association. Year book, 1928-[?] | ||
| 866 | |a 1949 | ||
| 942 | |2 udc |c ARXIU |n 1 | ||
| 952 | |0 0 |1 0 |2 udc |4 0 |6 F50322 |7 1 |9 98712 |a Arxiu |b Arxiu |d 2025-11-27 |h 1949 |l 0 |o F-503-22 |p 29068 |r 2025-11-27 12:15:19 |w 2025-11-27 |y ARXIU | ||
| 999 | |c 130445 |d 130445 | ||